000 00963nam a2200265 i 4500
001 196830
003 ES-MaACL
005 20250825062707.0
008 241230b sp ||||| |||| 00| 0 spa d
040 _bspa
_cES-MaACL
100 1 _951311
_aFlórez, Rafael,
_d1926-2019
_eaut
245 _aAlfaquequerías /
_cRafael Flórez.
264 _a[Madrid?] :
_bAutoediciones.com,
_c[2014?]
300 _a89 páginas ;
_c15 cm
336 _2rdacontent
_atexto
337 _2rdamedia
_asin mediación
338 _2rdacarrier
_avolumen
655 7 _2tgfbne
_aLibros ilustrados
_9193653
852 _aES-MaACL
_cDEPOJ
_jN-10271
_hDonación: José Lázaro García
_xEncuadernación rústica
_9206397
903 _9234219
_aLázaro García, José
_ednr
942 _cMONOGRAFIA
_n0
999 _c196830
_d196830